| 000 | 00942nam0a2200289 4500 | ||
|---|---|---|---|
| 001 | RU\NLR\ONL2\13078 | ||
| 005 | 20250613131122.0 | ||
| 010 |
_a978-5-7680-22075-1 _9500 |
||
| 035 | _a(NLR Aleph) 009660664 | ||
| 090 |
_a9612048 _c9612048 |
||
| 100 | _a20090313d2008 |||y0rusy50 ca | ||
| 101 | 0 | _akbd | |
| 102 | _aRU | ||
| 105 | _ac ||||||||| | ||
| 200 | 1 |
_aУи гум сыкъэгъэкI _eуэрэдхэр _fЩомахуэ Хьэсэнбий |
|
| 210 |
_aНалшык _cЭльбрус _d2008 |
||
| 215 |
_a77, [2] с. _cпортр., нот. _d25 |
||
| 541 | 1 |
_6z01790 _aВспомни обо мне _eпесни _zrus |
|
| 686 | 1 | _aЩ94 | |
| 700 | 1 |
_aЩомахуэ _bХь. _gХьэсэнбий _4070 |
|
| 790 | 1 |
_6z01541 _aШомахов _bХ. М. _gХасанби Мухаметович _4070 |
|
| 801 | 0 |
_aRU _bNLR _c20090313 _gPSBO |
|
| 852 |
_aNLR _bОНЛ _jКабар./4-94 |
||
| 942 | _cBOOK | ||
| 980 | _aNB | ||
| 980 | _aONL_RF | ||